000 00333nam a22001337a 4500
008 181121b xxu||||| |||| 00| 0 eng d
020 _a0721672213
041 _aeng
080 _a616.12
100 _a7
101 _aKARD
245 _aThe Cardiac Rhythms A Systematic Approach to Interpretation
_cPhillips,R.E
942 _2udc
_cBK
999 _c52293
_d52293